Estatísticas para Todas as Regiões Metropolitanas do Brasil em um Mapa

Clique aqui para jogar o quiz

Estatísticas Gerais

  • Esse quiz foi jogado 207 vezes
    (120 desde o último reset)
  • A pontuação média é 37 de 83

Respostas no mapa

Respostas codificadas por cores de uma escala verde-vermelha no mapa do quiz de acordo com a % correta abaixo.
 

Estatísticas das Respostas

State% Correto
Manaus
94%
Rio de Janeiro
92%
Belém
91%
Belo Horizonte
91%
São Paulo
91%
Grande Vitória
89%
Distrito Federal e Entorno
88%
Florianópolis
88%
Fortaleza
88%
Salvador
88%
Goiânia
87%
Macapá
87%
Porto Alegre
87%
Grande São Luís
86%
Vale do Rio Cuiabá
86%
Natal
83%
Palmas
82%
Curitiba
81%
Boa Vista
80%
Maceió
80%
Porto Velho
80%
Recife
80%
Campinas
76%
Londrina
75%
Grande Teresina
73%
João Pessoa
73%
Aracaju
72%
Baixada Santista
72%
Ribeirão Preto
65%
Maringá
62%
Chapecó
61%
Joinville
61%
Polo Petrolina e Juazeiro
61%
Foz do Rio Itajaí
59%
Cascavel
57%
Feira de Santana
55%
Sorocaba
54%
Campina Grande
50%
Santarém
49%
São José do Rio Preto
48%
Sobral
44%
Vale do Paraíba e Litoral Norte
38%
Jundiaí
36%
Vale do Paraíba
35%
Lages
32%
Piracicaba
31%
Toledo
31%
Serra Gaúcha
28%
Tubarão
28%
Patos
23%
Umuarama
22%
Vale do Aço
22%
Alto Vale do Itajaí
21%
Jaraguá do Sul
20%
Vale do Itajaí
20%
Cariri
19%
Sousa
18%
Gurupi
17%
Apucarana
16%
Campo Mourão
15%
Extremo Oeste
12%
Palmeira dos Índios
12%
Contestado
11%
São Francisco
11%
Sul de Roraima
11%
Agreste
10%
Carbonífera
10%
Sudoeste Maranhense
10%
Vale do Mamanguape
10%
Barra de Santa Rosa
9%
Cajazeiras
9%
Central
9%
Planalto Norte
9%
Sertão
9%
Zona da Mata
8%
Araruna
7%
Esperança
7%
Guarabira
7%
Médio Sertão
7%
Vale do Piancó
7%
Caetés
6%
Itabaiana
6%
Zona Leste do Maranhão
4%

Distribuição das Pontuações

Percentil de Números Respondidos

Porcentagem de Pessoas com Cada Pontuação

Sua Pontuação Histórica

Você não jogou esse quiz desde o último reset